Geography Quiz - Medium - Statistics

General Stats
  • This quiz has been taken 60 times
  • The average score is 13 of 26
Answer Stats
Hint Answer % Correct
Australia can be both considered a country and a _______. Continent
89%
Rabat, Marrakesh, and Casablanca are all cities in what country? Morocco
89%
Finish the sequence: George W. Bush, ______ _____, Donald Trump Barack Obama
82%
Harry S. Truman nuked the cities of Hiroshima and _______. Nagasaki
79%
COVID-19 supposedly started in what city? Wuhan
79%
Latvia and Idaho are especially known for what food crop? Potato
76%
Andrew Cuomo and David Dinkins are former mayors of what United States city? New York City
74%
Who is the last leader of the Soviet Union who has a birthmark on his head? Mikhail Gorbachev
68%
What is the capital of Bangladesh? Dhaka
63%
Romanian, Spanish, Italian, and French are a few examples of _______ languages. Romance
58%
King Henry VIII had six wives, and three of them were named what? Catherine
53%
What country established the League of Nations but never seemed to join it? United States
53%
Da Nang, Phan Thiet, and Can Tho are cities in what country? Vietnam
50%
What region in the country above is considered its own nation according to other countries? Western Sahara
47%
What is Queen Elizabeth II's last name? Windsor
47%
Speaking of Donald Trump, what is his middle name? John
45%
What is another name for the Antarctic Ocean? Southern
42%
Yuri Gagarin was the first person to be in space in what year? 1961
39%
Dodge City is in what US state? Kansas
39%
Panama is an example of what landform? Isthmus
37%
Which general was the last to serve as U.S. President? Dwight D. Eisenhower
32%
King Mansa Musa I traveled three years to reach what city? Mecca
32%
Only people who are ______ can legally enter the city above. Muslim
32%
Most populated city in the state above: Wichita
18%
What is the Latin term for “in memory of”? In Memoriam
13%
What type of statistical thematic map uses differences in shading, coloring, or the placing of symbols within redefined areas indicate different values? Choropleth
5%
No matching quizzes found
Score Distribution
Percent of People with Each Score
Percentile by Number Answered
Your Score History
You have not taken this quiz